Poetas líricos románticos. (Record no. 182382)

MARC details
000 -LEADER
campo de control de longitud fija 01044nam a2200217 i 4500
001 - NÚMERO DE CONTROL
campo de control 182382
003 - IDENTIFICADOR DE NÚMERO DE CONTROL
campo de control ES-MaACL
005 - FECHA Y HORA DE LA ÚLTIMA TRANSACCIÓN
campo de control 20240424091328.0
008 - DATOS DE LONGITUD FIJA--INFORMACIÓN GENERAL
campo de control de longitud fija 130807q19201930sp |||| | spa d
245 00 - MENCIÓN DEL TÍTULO
Título Poetas líricos románticos.
Nombre de parte o sección de la obra I.
260 ## - PUBLICACIÓN, DISTRIBUCIÓN, ETC.
Lugar de publicación, distribución, etc. Madrid :
Nombre del editor, distribuidor, etc. Bruno del Amo,
Fecha de publicación, distribución, etc. [192-?]
300 ## - DESCRIPCIÓN FÍSICA
Extensión 94 p. ;
Dimensiones 16 cm.
490 1# - MENCIÓN DE SERIE
Mención de serie Letras españolas: colección de obras selectas de nuestros autores clásicos / publicado bajo la dirección de Juan Hurtado y J. de la Serna y Angel González Palencia ;
Designación de volumen o secuencia 16
596 ## - NOTA AL PIE DE IMPRENTA
NOTA AL PIE DE IMPRENTA En cubierta: Editorial Voluntad.
600 14 - PUNTO DE ACCESO ADICIONAL DE MATERIA--NOMBRE DE PERSONA
Nombre de persona Hurtado y J. de la Serna, Juan.
9 (RLIN) 153193
600 04 - PUNTO DE ACCESO ADICIONAL DE MATERIA--NOMBRE DE PERSONA
Nombre de persona Gonzalea Palencia, Angel.
9 (RLIN) 58266
650 #4 - PUNTO DE ACCESO ADICIONAL DE MATERIA--TÉRMINO DE MATERIA
Término de materia o nombre geográfico como elemento de entrada Poesía española-
Subdivisión cronológica S.XIX
9 (RLIN) 16217
830 0# - PUNTO DE ACCESO ADICIONAL DE SERIE-TÍTULO UNIFORME
Título uniforme Letras españolas: colección de obras selectas de nuestros autores clásicos / publicado bajo la dirección de Juan Hurtado y J. de la Serna y Angel González Palencia ;
Designación de volumen o secuencia 16
9 (RLIN) 224829
852 ## - LOCALIZACIÓN
Ubicación ES-MaACL
Número de control de estantería 2321-F-7
Nota libre .- Donat. herederos de la bibl. de Mª del Pilar Costa Palacín
Holdings
Estatus retirado Estado de pérdida Estado de daño No para préstamo Colección Biblioteca de origen Biblioteca actual Ubicación en estantería Fecha de adquisición Fuente de adquisición Total de préstamos Signatura topográfica completa Código de barras Visto por última vez Precio de reemplazo Tipo de ítem Koha
        Colección de folletos Biblioteca del Ateneo de Madrid Biblioteca del Ateneo de Madrid Depósito folletos 07/08/2013     2321-F-7 1191660 23/02/2023 23/02/2023 Folleto